00515nam a22001457a 4500010001500000020002600015035001400041082001100055245012800066260003600194270005400230300002600284700002700310700003200337 aENG-138247 a9788182748880c995.00 aEN-121779 a355.01 aPentagon's yearbook South Asia Defence and Strategic Perspective/cEdited by Vijay Sakhuja and Foreword by Syed Ata Hasnain aNew DelhibPentagon Pressc2016 a206, Peacock Lane, Shahpur JatbNew Delhie110049 a227p.c24cmhbkbIndex aSakhuja, VijayeEditor aHasnain, Syed AtaeForeword